Every country to have hosted the FIFA Women's world cup - Statistics

General Stats
  • This quiz has been taken 89 times
    14 since last reset
  • The average score is 16 of 17
Answer Stats
Year Host % Correct
2023 Australia
100%
2027 Brazil
100%
2015 Canada
100%
2011 Germany
100%
2031 Mexico
100%
2035 England
93%
2019 France
93%
1995 Sweden
93%
1999 USA
93%
2003 USA
93%
2031 USA
93%
1991 China
86%
2007 China
86%
2023 New Zealand
86%
2035 Northern Ireland
86%
2035 Scotland
86%
2035 Wales
86%
No matching quizzes found
Score Distribution
Percent of People with Each Score
Percentile by Number Answered
Your Score History
You have not taken this quiz since the last reset